| 000 | 00725nam a2200193 i 4500 | ||
|---|---|---|---|
| 001 | bg | ||
| 245 | 0 | 0 |
_aDyrektywy Europejskiej Wspólnoty Gospodarczej dotyczące ochrony pracy. / _c[oprac. red. I. Boćkowa et al. ; weryfikacja mmerytor. M. Benczek et al.] ; Centralny Instytut Ochrony Pracy _nT. 3. |
| 260 |
_aWarszawa : _bCIOP, _c1992. |
||
| 300 |
_a134 s. ; _c24 cm. |
||
| 650 | 9 |
_aBezpieczeństwo i higiena pracy _xprawo wspólnotowe europejskie _ystan na 1992 r. |
|
| 700 | 1 |
_aBOĆKOWA, I. _eRed. |
|
| 700 | 1 | _aBENCZEK, K. M. | |
| 710 | 0 | _aCentralny Instytut Ochrony Pracy | |
| 040 | _cBPK | ||
| 041 | 1 |
_apl _hen |
|
| 080 | _a349.23/.24:331.45/.46](4-15) | ||
| 942 | _cKS | ||
| 008 | s pl f |000 0 pol | ||
| 999 |
_c38478 _d38478 |
||
| 856 |
_uhttp://koha.tu.koszalin.pl/cgi-bin/koha/opac-detail.pl?biblionumber=38478 _yKatalog online BPK |
||